
Library Catalogue

| 000 -LEADER | |
|---|---|
| fixed length control field | 01358nam a2200217Ia 4500 |
| 003 - CONTROL NUMBER IDENTIFIER | |
| control field | OSt |
| 005 - DATE AND TIME OF LATEST TRANSACTION | |
| control field | 20210623160134.0 |
| 008 - FIXED-LENGTH DATA ELEMENTS--GENERAL INFORMATION | |
| fixed length control field | 160316s2012 xxu||||| |||| 00| 0 eng d |
| 040 ## - CATALOGING SOURCE | |
| Transcribing agency | NLS |
| 082 ## - DEWEY DECIMAL CLASSIFICATION NUMBER | |
| Classification number | 346.04 RAM |
| 100 ## - MAIN ENTRY--PERSONAL NAME | |
| Personal name | Ramamurti Mantha |
| 245 ## - TITLE STATEMENT | |
| Title | Law of adverse possession |
| 250 ## - EDITION STATEMENT | |
| Edition statement | 6th |
| 260 ## - PUBLICATION, DISTRIBUTION, ETC. | |
| Place of publication, distribution, etc. | Delhi |
| Name of publisher, distributor, etc. | Delhi Law House |
| Date of publication, distribution, etc. | 2012 |
| 300 ## - PHYSICAL DESCRIPTION | |
| Extent | 870p |
| Dimensions | li |
| 365 ## - TRADE PRICE | |
| Price amount | Rs. 1,150 |
| 505 ## - FORMATTED CONTENTS NOTE | |
| Formatted contents note | Table of Contents:<br/>Earlier Concept of Owenership and Possession<br/>Possession / Adverse<br/>Proof and Burden of Proof<br/>Constructive Possession and Symbolical Possession<br/>Permissive Possession<br/>Dispossion and Discontinuance of Possession<br/>Tacking / No Adverse Possession<br/>Co-owners, Co-shares, Co-heirs and Co-tentants<br/>Minor and Lunatic<br/>Motgagor and Mortagagee<br/>Landlord and Tenant<br/>Licence<br/>Lessor and Lesee<br/>Donor and Donee, Mines and Minerals<br/>Trusts, Religious Endowments and Service Inams<br/>Service Tenure, Service Inams, Watan Lands, Saranjan Lands, Ghatwali Tenure, Jagir Punti Lands & Heriditory office<br/>Easements<br/>Fishery Rights<br/>Submerged Land<br/>Vacant Sites and Waste Lands<br/>Widow's Estate<br/>Acts of user whether Adverse<br/>Pleading<br/>Suit based on Possessory Title<br/>Suit by person dispossessed of immovable property<br/>Proceeding under Sec. 145, Cr. P. C |
| 650 ## - SUBJECT ADDED ENTRY--TOPICAL TERM | |
| Topical term or geographic name entry element | 1. Possession Law2. Property Law |
| 700 ## - ADDED ENTRY--PERSONAL NAME | |
| Personal name | |
| -- | |
| 942 ## - ADDED ENTRY ELEMENTS (KOHA) | |
| Source of classification or shelving scheme | Dewey Decimal Classification |
| Koha item type | BOOKs |
| Withdrawn status | Lost status | Damaged status | Not for loan | Home library | Current library | Shelving location | Date acquired | Cost, normal purchase price | Total Checkouts | Total Renewals | Full call number | Barcode | Date last seen | Date last checked out | Price effective from | Koha item type |
|---|---|---|---|---|---|---|---|---|---|---|---|---|---|---|---|---|
| . | . | 30.05.2017 | 1150.00 | 3 | 1 | 346.04 RAM | 27142 | 18.12.2024 | 06.12.2024 | 30.05.2017 | BOOKs |